| 000 | 00501nam a2200169Ia 4500 | ||
|---|---|---|---|
| 999 |
_c4133 _d4133 |
||
| 003 | OSt | ||
| 005 | 20200811144942.0 | ||
| 008 | 190216s9999||||xx |||||||||||||| ||und|| | ||
| 040 | _coclc | ||
| 082 |
_a658.568 _bGRA/S |
||
| 100 |
_aGrant, Eugene L _94052 |
||
| 245 | 0 |
_aStatistical Quality Control / _cEugene L Grant ; Richard S Leavenworth |
|
| 250 | _a4th Ed. | ||
| 260 |
_bMcGraw Hill, _c1972. _aTokyo: |
||
| 300 | _a694p | ||
| 942 |
_cBK _2ddc _h658.568 _iGRA/S _k658.568 _mGRA/S |
||